000 00868cam a22003017a 4500
003 CHAP
005 20220329133802.0
008 971013s1970 r 00010 d
010 _a10866
011 _a11838
035 _a11272
040 _cCHAP
082 _a335.437
_bL4
100 0 0 _aLenin, Vladimir Ilich.
_965999
245 1 3 _aEl romaticismo económico
260 _aMéxico :
_bGrijalbo,
_c1970
300 _a151 p.
490 0 _aColección 70
_v; 75
590 _aBATCH-UPD
_b10
_c20130110
_lUCH01
_h1837
590 _aBATCH-UPD
_b10
_c20130410
_lUCH01
_h1208
590 _aBATCH-UPD
_b10
_c20130914
_lUCH01
_h1230
590 _aCONVERSION
_b10
_c20130109
_lUCH01
_h1307
650 1 4 _aEconomía.
_935226
830 0 _aColección 70
_v; 75
_924662
901 _aBK
942 _cLIBRO
949 _a335.437 L4
_bBC
_cLIBRO
_d33724000351052
_eLIBRO
_h14329
_i11272
_si
999 _c10866
_d10866